| 000 | 00894nam a2200265 i 4500 | ||
|---|---|---|---|
| 001 | 5853 | ||
| 003 | ES-MaACL | ||
| 005 | 20250730155716.0 | ||
| 007 | t| | ||
| 008 | 890531s1988 sp ||||1| spa d | ||
| 020 | _a84-239-6540-6 | ||
| 080 | _a9(46)"1909/1914" | ||
| 080 | _a9(64)"1909/1914" | ||
| 100 | 1 |
_aBachoud, Andree. _924486 |
|
| 245 | 1 | 4 |
_aLos Españoles ante las campañas de Marruecos / _cAndree Bachoud ; [introducción de Carlos Seco Serrano]. |
| 260 |
_aMadrid : _bEspasa-Calpe, _cD.L. 1988. |
||
| 300 |
_a421 p. ; _c23 cm. |
||
| 490 | 1 |
_aEspasa universidad ; _v14 |
|
| 504 | _aBibliogr.: p. 397-421. | ||
| 651 | 4 |
_aEspaña- _xHistoria- _y1909-1925, Guerra de África _98280 |
|
| 700 | 1 |
_aSeco Serrano, Carlos, _d1923-2020 _9105054 |
|
| 830 | 0 |
_aEspasa universidad ; _v14 _9177376 |
|
| 852 |
_aES-MaACL _jL-12908 _bR.116480 _z. - rust. |
||
| 999 |
_c5853 _d5853 |
||